Shakespeare as literary dramatist

Saved in:
Bibliografiske detaljer
Hovedforfatter: ERNE, Lukas
Format: Bog
Sprog:engelsk
Udgivet: Cambridge University Press 2013
Tags: Tilføj Tag
Ingen Tags, Vær først til at tagge denne postø!

MARC

LEADER 00000nam a22000007a 4500
008 210708b ||||| |||| 00| 0 eng d
020 |a 9781107029651 
100 |a ERNE, Lukas 
245 |a Shakespeare as literary dramatist  |c Lukas Erne  |g xii, 313p.;ill. 
250 |b 2nd ed. 
260 |b Cambridge University Press  |c 2013  |h Cambridge  |i 696404  |i 696406  |l PR3072.Er5 
500 |a It includes bibliography and index 
942 |a lcc  |c BK  |e Kuteyi, M. A.  |f 7/8/2021 
952 |0 0  |1 0  |2 lcc  |4 0  |6 PR3072 E R5  |7 0  |9 2739  |a HOL  |b HOL  |c LP  |d 2021-07-08  |l 0  |o PR3072.Er5  |p 2021-6584  |r 2021-07-08 00:00:00  |w 2021-07-08  |y BK 
952 |0 0  |1 0  |2 lcc  |4 0  |6 PR3072 E R5  |7 0  |9 2740  |a HOL  |b ART  |c LP  |d 2021-07-08  |l 0  |o PR3072.Er5  |p 2021-6585  |r 2021-07-08 00:00:00  |w 2021-07-08  |y BK 
999 |c 1428  |d 1428